| 000 | 00458nam a22001697a 4500 | ||
|---|---|---|---|
| 999 |
_c166498 _d166498 |
||
| 010 | _aENG-126079 | ||
| 020 |
_a978-93-80203-18-8 _c995.00 |
||
| 035 | _aEN-109611 | ||
| 037 | _bDBAD/PUB | ||
| 082 | _a954 | ||
| 100 | _aMishra, A.K. | ||
| 245 |
_aIndia's maratha / _cby A.K. Mishra |
||
| 260 |
_aDelhi _bSaroj Books _c2019 |
||
| 270 |
_aL-5/45, Kartar Nagar _bDelhi _e-110053 |
||
| 300 |
_a280p. _c22cm(hb) |
||
| 942 |
_2ddc _cEN _h954 _mMIS |
||